000 00228pam a2200121 a 4500
020 _c
041 _h
245 _aEnvironmental Con cerns Of India
260 _c1996
300 _a87
653 _aEnvironment
930 _a926
999 _c246779
_d246779